Central Library OPAC University of Rajshahi

Statistical Methods and the Geographer / (Record no. 68606)

MARC details
000 -LEADER
fixed length control field 00714nam a2200241 a 4500
001 - CONTROL NUMBER
control field 68606
003 - CONTROL NUMBER IDENTIFIER
rucl marc code BD-RjUL
005 - DATE AND TIME OF LATEST TRANSACTION
control field 20211209081806.0
008 - FIXED-LENGTH DATA ELEMENTS--GENERAL INFORMATION
fixed length control field 170404s1963 enka b 001 0 eng d
035 ## - SYSTEM CONTROL NUMBER
System control number (BD-RjUL)68816
040 ## - CATALOGING SOURCE
Original cataloging agency BD-RjUL
Language of cataloging eng
Transcribing agency BD-RjUL
Modifying agency D-RjUL
041 ## - LANGUAGE CODE
Language code of text/sound track or separate title eng
082 ## - DEWEY DECIMAL CLASSIFICATION NUMBER
Edition number 23
Classification number 910.02
Author mark and year GRS 1963
100 1# - MAIN ENTRY--PERSONAL NAME
Personal name Gregory, S.
Fuller form of name (Stanley)
9 (RLIN) 203354
245 10 - TITLE STATEMENT
Title Statistical Methods and the Geographer /
Statement of responsibility, etc. S. Gregory
260 ## - PUBLICATION, DISTRIBUTION, ETC. (IMPRINT)
Place of publication, distribution, etc. London :
Name of publisher, distributor, etc. Longmans,
Date of publication, distribution, etc. 1963
300 ## - PHYSICAL DESCRIPTION
Pagination xvi, 240 p. :
Illustrations ill. ;
Size 23 cm
490 1# - SERIES STATEMENT
Series statement Geographies for advanced study
504 ## - BIBLIOGRAPHY, ETC. NOTE
Bibliography, etc Bibliography: p. 228-229
650 #0 - SUBJECT ADDED ENTRY--TOPICAL TERM
Topical term or geographic name as entry element Geography
9 (RLIN) 203355
830 #0 - SERIES ADDED ENTRY--UNIFORM TITLE
Uniform title Geographies for advanced study
942 ## - ADDED ENTRY ELEMENTS (KOHA)
Source of classification or shelving scheme Dewey Decimal Classification
Koha item type Books
Holdings
Lost status Source of classification or shelving scheme Damaged status Not for loan Collection code Permanent Location Current Location Shelving location Date acquired Source of acquisition Cost, normal purchase price Total Checkouts Full call number Date last seen Copy number Koha item type
  Dewey Decimal Classification   Not For Loan Non-fiction Central Library, University of Rajshahi Central Library, University of Rajshahi Reading Room 08/09/1964 Zeitlinger 30.00   910.02 GRS 1963 04/04/2017 C-1 Books